01397nam a2200301 450000100060000000300080000600500170001400800400003103500190007104000350009004100130012508200200013810000640015824502970022225000100051926000370052930000470056649000350061350000350064850000260068350400290070965100290073883000400076794200120080799900170081995201280083695201310096422470BD-RjUL20211209000818.0140308s1961 enkab b 001 0 eng d a(BD-RjUL)22535 aBD-RjULbengcBD-RjULdBD-RjUL1 aenghfre a915.9bROM 19611 aRobequain, Charles,d1897-1963.q Charles Robequain.96939410aMalaya, Indonesia, Borneo, and the Philippines :ba geographical, economic, and political description of Malaya, the East Indies, and the Philippines /cby Charles Robequain ; translated by E.D. Laborde. Issued in co-operation with the International Secretariat, Institute of Public Relations a2d ed aLondon :bLongmans, Green,c1961 axi, 466 p. :bill., maps, diagrs. ;c23 cm1 aGeographies for advanced study aTranslation of Le monde malais aMaps on lining papers aBibliography: p. 445-457 0aMalay Archipelago969395 0aGeographies for advanced study9541 2ddccBK c22470d22470 00102ddc40708NFICaRUCLbRUCLcStackd1963-06-22eZg45.00l0o915.9 ROM 1961r2014-03-08 00:00:00tC-3w2014-03-08yBK 00102ddc40708NFICaRUCLbRUCLcStackd1965-12-11eZietg18.60l0o915.9 ROM 1961r2014-03-22 00:00:00tC-4w2014-03-22yBK